000 00432nam a22001697a 4500
003 NUST - PNEC
005 20170116181005.0
008 150905b xxu||||| |||| 00| 0 eng d
020 _a0139353224
040 _cLIBRARY
082 _a621.38043 LIM
100 _99772
_aLim, Jae S.
245 _aDigital signal & image processing
_cJae S. Lim
260 _ac.1990
650 _97967
_aElectrical Engineering
_xEE
942 _2ddc
_cBK
999 _c66860
_d66860